| 000 | 00835nam a2200217 a 4500 | ||
|---|---|---|---|
| 008 | 120416s1981 ||||||||||||||||| || u | ||
| 020 | _a088262539X | ||
| 050 | _aHF 5686.I56 Arp | ||
| 100 | _aRadebaugh, Lee H | ||
| 245 | 1 | 0 | _aInternational accounting and multinational enterprises |
| 260 |
_aBoston: _bWarren, Gorham & Lamont _c1981 |
||
| 300 | _axi, 400 p.: ill. | ||
| 350 | _a0.00 | ||
| 500 | _aIncludes index. -Bibliography: p. 375-392. | ||
| 650 | 0 | _aACCOUNTING--HANDBOOKS, MANUALS, ETC | |
| 650 | 0 | _aCOMPARATIVE ACCOUNTING | |
| 650 | _aINTERNATIONAL BUSINESS ENTERPRISES--ACCOUNTING | ||
| 650 | _aINTERNATIONAL ACCOUNTING | ||
| 700 | _aArpan, Jeffrey S | ||
| 995 |
_D0.00 _FCBU-MAIN LIBRARY (Kitwe) _H1 _I21.50 _M1 _UAVAILABLE _ZMain Library Open Access Collection |
||
| 999 |
_c47269 _d47269 |
||